UBT Library

Bold relief : (Record no. 38907)

000 -LEADER
fixed length control field 00843cam a2200265 a 4500
001 - CONTROL NUMBER
control field 2125250
005 - DATE AND TIME OF LATEST TRANSACTION
control field 20171214042117.0
008 - FIXED-LENGTH DATA ELEMENTS--GENERAL INFORMATION
fixed length control field 970612s1998 njua b 001 0 eng
010 ## - LIBRARY OF CONGRESS CONTROL NUMBER
LC control number 97024509
020 ## - INTERNATIONAL STANDARD BOOK NUMBER
International Standard Book Number 0691017123 (cl : alk. paper)
035 ## - SYSTEM CONTROL NUMBER
System control number (DLC)2125250
035 ## - SYSTEM CONTROL NUMBER
System control number (DLC)97024509
040 ## - CATALOGING SOURCE
Original cataloging agency DLC
Transcribing agency DLC
Modifying agency DLC
041 ## - LANGUAGE CODE
Language code of text/sound track or separate title eng
043 ## - GEOGRAPHIC AREA CODE
Geographic area code n-us---
080 ## - UNIVERSAL DECIMAL CLASSIFICATION NUMBER
Universal Decimal Classification number 361.610973
082 00 - DEWEY DECIMAL CLASSIFICATION NUMBER
Classification number 361.610973 AME
Edition number 21
100 1# - Rafti
Rafti 18
101 ## - Shkurtesa
Shkurtesa SHP
245 10 - TITLE STATEMENT
Title Bold relief :
Statement of responsibility, etc Edwin Amenta.
504 ## - BIBLIOGRAPHY, ETC. NOTE
Bibliography, etc Includes bibliographical references and index.
906 ## - LOCAL DATA ELEMENT F, LDF (RLIN)
a 7
b cbc
c orignew
d 1
e ocip
f 19
g y-gencatlg
942 ## - ADDED ENTRY ELEMENTS (KOHA)
Source of classification or shelving scheme
Item type Books
Holdings
Withdrawn status Lost status Source of classification or shelving scheme Damaged status Not for loan Collection code Permanent location Current location Shelving location Date acquired Total Checkouts Full call number Barcode Date last seen Price effective from Koha item type
          Koleksioni i përgjithshem UBT - Lipjan UBT - Lipjan Koleksioni i përgjithshem 12/14/2017   361.610973 AME 002-2939157 12/14/2017 12/14/2017 Books
UBT Library © 2015-2024. All rights reserved University Education for Business and Technology